Hombres y culturas /
Guardado en:
| Autor Principal: | |
|---|---|
| Formato: | Libro |
| Publicado: |
Pamplona :
Salvat,
1975
|
| Series: | 401 p.
|
| Materias: | |
| Etiquetas: |
Agregar Etiqueta
Sin Etiquetas, Sea el primero en etiquetar este registro!
|
| LEADER | 00713nam a22001935a 4500 | ||
|---|---|---|---|
| 001 | CEM.cems012824 | ||
| 005 | 20080401124553.0 | ||
| 008 | 130507s1975##################000#0#####d | ||
| 003 | CEMS | ||
| 020 | |a 8471376261 | ||
| 082 | 0 | 4 | |a C572.7 |
| 100 | 1 | |a Leigheb, Mauricio | |
| 245 | 1 | 0 | |a Hombres y culturas / |c Mauricio Leigheb |
| 260 | |a Pamplona : |b Salvat, |c 1975 | ||
| 490 | 0 | |a 401 p. | |
| 505 | 0 | |a El concepto de raza -- Unidad y variedad de la especia humana -- Declaración de la UNESCO sobre las razas -- Subespecie mongoloide -- Subespecie australoide -- Subespecie congoloide -- Subespecie caboide | |
| 653 | |a Razas | ||
| 653 | |a Razas humanas | ||
| 859 | |a CEMS |b BIB. CEMS - 11 de abril |h C572.7 |i L531 |p 25023.08 |t Ej.1 |3 Tomo 1 | ||
